000 00690nam a2200253 i 4500
001 C2-0313496
003 PPAK
005 20180728105219.0
008 111117s2011 my |||| ||||| | may d
020 _a9789675783258
040 _aPPAK
_beng
_cPPAK
_erda
082 0 4 _a899.233
_223
090 0 0 _a899.233
_bMAS
_dG
100 0 _aMaslina Ngadiman,
_eauthor
245 1 0 _aTiga hati
264 1 _aBatu Caves, Selangor :
_bPTS Litera Utama Sdn. Bhd. ,
_c2011
300 _a343 pages ;
_c19 cm
336 _2rdacontent
_atext
337 _2rdamedia
_aunmediated
338 _2rdacarrier
_avolume
650 1 0 _aMalay fiction.
700 0 _aNor Adilah Riduan,
_eeditor
942 _ddc
_cB
999 _c115210
_d115210